[Event "POL-chT 2 Liga 2019"]
[Site "Poronin"]
[Date "2019.09.07"]
[Round "1.38"]
[White "Pacan-Milej, Kosma"]
[Black "Suliborski, Jakub"]
[Result "1-0"]
[WhiteElo "2287"]
[BlackElo "2169"]
[Annotator "ChessBase"]
[PlyCount "107"]
[EventDate "2019.09.07"]
[EventType "team-tourn"]
[EventCountry "POL"]
[SourceTitle "playchess.com"]
[Source "ChessBase"]
[SourceQuality "1"]
[TimeControl "40/5400+30:1800+30"]

1. d4 {[%emt 0:00:00]} g6 {[%emt 0:00:00]} 2. e4 {[%emt 0:00:01]} Bg7 {[%emt 0:00:03]} 3. c4 {[%emt 0:00:41]} d6 {[%emt 0:00:14]} 4. Nc3 {[%emt 0:00:25]} Nc6 {[%emt 0:00:40]} 5. d5 {[%emt 0:01:45]} Nd4 {[%emt 0:02:11]} 6. Be3 {[%emt 0:00:29]} e5 {[%emt 0:00:55]} 7. Nge2 {[%emt 0:02:19]} Nxe2 {[%emt 0:02:15]} 8. Bxe2 {[%emt 0:00:05]} f5 {[%emt 0:00:16]} 9. exf5 {[%emt 0:01:58]} Bxf5 {[%emt 0:00:11]} 10. g4 {[%emt 0:02:03]} Bd7 {[%emt 0:01:19]} 11. h4 c5 {[%emt 0:15:58]} 12. h5 {[%emt 0:09:44]} Qa5 {[%emt 0:13:28]} 13. hxg6 {[%emt 0:03:31]} hxg6 {[%emt 0:02:24]} 14. Rxh8 {[%emt 0:00:22]} Bxh8 {[%emt 0:00:04]} 15. Qc2 {[%emt 0:00:36]} Kf7 16. O-O-O {[%emt 0:04:28]} Nf6 {[%emt 0:14:39]} 17. g5 {[%emt 0:18:26]} Bf5 {[%emt 0:08:08]} 18. Bd3 {[%emt 0:02:01]} e4 {[%emt 0:04:57]} 19. Nxe4 {[%emt 0:12:12]} Nxe4 {[%emt 0:00:21]} 20. Bxe4 {[%emt 0:00:05]} Bxe4 {[%emt 0:00:04]} 21. Qxe4 {[%emt 0:00:08]} Re8 {[%emt 0:00:05]} 22. Qf4+ {[%emt 0:05:54]} Ke7 {[%emt 0:02:04]} 23. Rh1 {[%emt 0:01:43]} Be5 {[%emt 0:05:16]} 24. Rh7+ {[%emt 0:07:44]} Kd8 {[%emt 0:00:24]} 25. Qg4 {[%emt 0:01:40]} Re7 {[%emt 0:00:06]} 26. Rxe7 {[%emt 0:02:14]} Kxe7 {[%emt 0:00:07]} 27. Kb1 {[%emt 0:03:10]} Qe1+ {[%emt 0:01:19]} 28. Bc1 {[%emt 0:00:16]} Bd4 {[%emt 0:06:11]} 29. f3 {[%emt 0:01:58]} Qe2 {[%emt 0:00:14]} 30. Qe4+ {[%emt 0:03:12]} Qxe4+ {[%emt 0:00:14]} 31. fxe4 {[%emt 0:00:03]} Be5 {[%emt 0:00:05]} 32. Kc2 {[%emt 0:00:07]} a6 {[%emt 0:01:00]} 33. Kb3 {[%emt 0:03:22]} Kd7 {[%emt 0:01:05]} 34. Ka4 {[%emt 0:02:27]} Kc7 {[%emt 0:01:20]} 35. Ka5 {[%emt 0:02:49]} Bd4 {[%emt 0:01:52]} 36. a3 {[%emt 0:01:17]} Be5 {[%emt 0:01:20]} 37. b4 {[%emt 0:04:35]} cxb4 {[%emt 0:04:32]} 38. axb4 {[%emt 0:00:12]} Bd4 {[%emt 0:00:05]} 39. Bf4 {[%emt 0:02:45]} Kd7 {[%emt 0:01:07]} 40. Bd2 {[%emt 0:00:00]} Kc7 {[%emt 0:00:00]} 41. Bf4 {[%emt 0:24:18]} Kd7 {[%emt 0:00:49]} 42. b5 {[%emt 0:00:39]} axb5 {[%emt 0:00:29]} 43. Kxb5 {[%emt 0:00:36]} b6 {[%emt 0:03:08]} 44. Ka4 {[%emt 0:01:01]} Kc7 {[%emt 0:00:54]} 45. Kb3 {[%emt 0:00:02]} Bg7 {[%emt 0:06:06]} 46. Be3 {[%emt 0:00:47]} Bf8 {[%emt 0:00:39]} 47. Ka4 {[%emt 0:00:42]} Be7 {[%emt 0:00:09]} 48. Kb5 {[%emt 0:00:51]} Kb7 {[%emt 0:00:05]} 49. Bxb6 {[%emt 0:00:23]} Bxg5 {[%emt 0:00:06]} 50. e5 {[%emt 0:00:01]} dxe5 {[%emt 0:04:49]} 51. c5 {[%emt 0:00:05]} e4 {[%emt 0:00:57]} 52. c6+ {[%emt 0:00:03]} Ka8 {[%emt 0:00:06]} 53. d6 {[%emt 0:00:07]} e3 {[%emt 0:00:09]} 54. d7 {[%emt 0:00:08]} 1-0

[Event "POL-chT 2 Liga 2019"]
[Site "Poronin"]
[Date "2019.09.07"]
[Round "1.39"]
[White "Parol, Pawel"]
[Black "Licznerski, Lukasz"]
[Result "0-1"]
[WhiteElo "2145"]
[BlackElo "2356"]
[Annotator "TA"]
[PlyCount "94"]
[EventDate "2019.09.07"]
[EventType "team-tourn"]
[EventCountry "POL"]
[SourceTitle "playchess.com"]
[Source "ChessBase"]
[SourceQuality "1"]

{[%evp 9,94,-7,-14,-5,17,2,48,50,51,43,35,47,52,46,83,67,62,66,68,62,73,28,35,33,69,24,38,21,27,29,28,0,0,0,0,-2,-6,-22,0,-22,-27,-37,-39,-37,-39,-52,-44,-39,-35,-44,-34,-49,-45,-74,-75,-97,-92,-106,-69,-104,-103,-119,-110,-105,0,-47,-47,-206,-172,-205,-205,-251,-218,-285,-305,-412,-383,-374,-368,-605,-603,-543,-593,-596,-579,-2999,-2652]} 1. d4 Nf6 2. Bf4 g6 3. Nc3 d5 4. e3 Bg7 5. h4 c6 6. Be2 {A45: Trompowsky Attack} h6 7. Nf3 Bg4 8. Ne5 {White is slightly better.} Bxe2 9. Qxe2 Nbd7 10. O-O-O Qa5 11. Kb1 Nb6 $146 ({Predecessor:} 11... Nxe5 12. Bxe5 {1-0 (22) Grischuk,A (2737)-Khusnutdinov,R (2458) Doha 2016}) 12. e4 Nxe4 13. Nxe4 dxe4 14. Qxe4 Qd5 15. Qxd5 (15. Qd3 {looks sharper.} h5 16. Rhe1 O-O 17. f3 Qe6 18. g4) 15... cxd5 16. Rh3 Bxe5 17. Bxe5 f6 18. Bf4 Nc4 19. b3 Na5 20. Re1 Kf7 21. Rhe3 Nc6 22. c3 g5 23. Bg3 b5 24. Kb2 a5 25. hxg5 hxg5 26. Bc7 Ra6 27. a3 Rc8 28. Bg3 Ra7 29. Rd3 Rb7 30. f4 Rg8 31. f5 a4 $1 32. b4 Na7 $1 33. Rh1 Nc8 34. Re3 Nb6 {aiming for ...Nc4+.} 35. Re6 Nc4+ 36. Ka2 Nd2 (36... Kg7 $17) 37. Be1 Ne4 38. Rc6 $2 {[#]} ({White should play} 38. c4 $15) 38... g4 $1 $19 39. Rh7+ Rg7 40. Rh8 {[#]} Rg5 $1 41. Rh7+ Ke8 42. Rc8+ Kd7 43. Rch8 Rxf5 44. Rxe7+ $2 (44. Kb2 Rc7 45. Rh5) 44... Kxe7 {Black is clearly winning.} 45. Rh7+ Kd6 46. Rxb7 g3 47. Rg7 {[#]} Rf2+ $1 {[%mdl 576] Promotion. Accuracy: White = 36%, Black = 63%.} 0-1

[Event "POL-chT 2 Liga 2019"]
[Site "Poronin"]
[Date "2019.09.07"]
[Round "1.40"]
[White "Punin, Andrii"]
[Black "Kowalec, Maciej"]
[Result "0-1"]
[WhiteElo "2325"]
[BlackElo "2054"]
[Annotator "RC"]
[PlyCount "120"]
[EventDate "2019.09.07"]
[EventType "team-tourn"]
[EventCountry "POL"]
[SourceTitle "playchess.com"]
[Source "ChessBase"]
[SourceQuality "1"]
[TimeControl "40/5400+30:1800+30"]

1. e4 {[%emt 0:00:00]} e6 {[%emt 0:00:00]} 2. d4 {[%emt 0:00:00]} d5 {[%emt 0:00:00]} 3. Nc3 {[%emt 0:00:00]} Bb4 {[%emt 0:02:15]} 4. e5 {[%emt 0:00:00]} c5 {[%emt 0:00:44]} 5. a3 {[%emt 0:00:01]} Bxc3+ {[%emt 0:01:38]} 6. bxc3 {[%emt 0:00:07]} Ne7 {[%emt 0:03:31]} 7. Qg4 {[%emt 0:00:10]} Qc7 {[%emt 0:01:38]} 8. Qxg7 {[%emt 0:00:11]} Rg8 {[%emt 0:00:06]} 9. Qxh7 {[%emt 0:00:09]} cxd4 {[%emt 0:00:14]} 10. Ne2 {[%emt 0:00:07]} Nbc6 {[%emt 0:00:21]} 11. f4 {[%emt 0:00:09]} Bd7 {[%emt 0:01:00]} 12. h4 {[%emt 0:03:01]} dxc3 {[%emt 0:09:45]} 13. h5 {[%emt 0:00:10]} d4 {[%emt 0:14:23]} 14. h6 {[%emt 0:02:34]} O-O-O {[%emt 0:03:51]} 15. Qd3 {[%emt 0:00:41]} Be8 {[%emt 0:19:36]} 16. h7 {[%emt 0:02:09]} Rh8 {[%emt 0:00:24]} 17. g4 {[%emt 0:01:36]} Qb6 {[%emt 0:10:14]} 18. Bg2 {[%emt 0:00:59]} Na5 {[%emt 0:01:13]} 19. Be4 {[%emt 0:11:28]} Bb5 {[%emt 0:03:41]} 20. Qf3 {[%emt 0:03:35]} Qa6 {[%emt 0:01:49]} 21. f5 {[%emt 0:09:53]} d3 {[%emt 0:12:06]} 22. Nxc3 {[%emt 0:07:05]} dxc2 {[%emt 0:01:01]} 23. Bxc2 {[%emt 0:06:01]} Bd3 {[%emt 0:02:07]} 24. Ra2 {[%emt 0:15:20]} Qc4 {[%emt 0:03:48]} 25. Bd2 {[%emt 0:00:54]} Nec6 {[%emt 0:02:47]} 26. Qe3 {[%emt 0:09:21]} Bxc2 {[%emt 0:02:53]} 27. Rxc2 {[%emt 0:00:15]} Nd4 {[%emt 0:00:36]} 28. Rb2 {[%emt 0:02:04]} Qc6 {[%emt 0:00:18]} 29. Qe4 {[%emt 0:02:00]} Nc4 {[%emt 0:00:43]} 30. fxe6 {[%emt 0:07:47]} fxe6 {[%emt 0:00:39]} 31. Qxc6+ {[%emt 0:06:04]} bxc6 {[%emt 0:00:01]} 32. Ne4 {[%emt 0:05:15]} Nxb2 {[%emt 0:00:34]} 33. Nd6+ {[%emt 0:01:11]} Kd7 {[%emt 0:01:12]} 34. Bc3 {[%emt 0:01:32]} Nd3+ {[%emt 0:00:14]} 35. Kd2 {[%emt 0:01:27]} Nxe5 {[%emt 0:00:27]} 36. Nb7 {[%emt 0:00:20]} Ndf3+ {[%emt 0:00:48]} 37. Ke3 {[%emt 0:00:37]} Rdf8 {[%emt 0:00:40]} 38. Nc5+ {[%emt 0:00:56]} Ke7 {[%emt 0:00:06]} 39. Rb1 {[%emt 0:01:54]} Nxg4+ {[%emt 0:00:30]} 40. Ke2 {[%emt 0:00:00]} e5 {[%emt 0:00:00]} 41. Rb7+ {[%emt 0:00:48]} Kd6 {[%emt 0:02:52]} 42. Bb4 {[%emt 0:02:39]} Kd5 {[%emt 0:04:19]} 43. Rd7+ {[%emt 0:03:38]} Kc4 {[%emt 0:00:09]} 44. Ne6 {[%emt 0:00:15]} Rf6 {[%emt 0:02:34]} 45. Nd8 {[%emt 0:02:08]} Nd4+ {[%emt 0:00:40]} 46. Ke1 {[%emt 0:00:09]} Nc2+ {[%emt 0:01:23]} 47. Kd2 {[%emt 0:00:38]} Nxb4 {[%emt 0:01:41]} 48. axb4 {[%emt 0:00:53]} Rf2+ {[%emt 0:00:42]} 49. Ke1 {[%emt 0:00:27]} Rh2 {[%emt 0:00:43]} 50. Rg7 {[%emt 0:00:11]} Rxd8 {[%emt 0:01:54]} 51. Rg8 {[%emt 0:00:32]} Rxh7 {[%emt 0:00:26]} 52. Rxd8 {[%emt 0:00:07]} Kxb4 {[%emt 0:00:33]} 53. Rg8 Nf6 {[%emt 0:02:02]} 54. Rg6 {[%emt 0:00:37]} Rf7 {[%emt 0:00:13]} 55. Ke2 {[%emt 0:00:08]} c5 {[%emt 0:00:19]} 56. Rg1 {[%emt 0:00:06]} c4 {[%emt 0:00:22]} 57. Rb1+ {[%emt 0:00:05]} Kc5 {[%emt 0:00:20]} 58. Kd2 {[%emt 0:00:46]} Nd5 {[%emt 0:00:11]} 59. Re1 {[%emt 0:00:10]} Kd4 {[%emt 0:00:30]} 60. Kc1 {[%emt 0:00:53]} Nb4 {[%emt 0:00:48]} 0-1

[Event "POL-chT 2 Liga 2019"]
[Site "Poronin"]
[Date "2019.09.07"]
[Round "1.41"]
[White "Parol, Pola"]
[Black "Kowalczyk, Pawel"]
[Result "0-1"]
[WhiteElo "2062"]
[BlackElo "2294"]
[Annotator "ChessBase"]
[PlyCount "136"]
[EventDate "2019.09.07"]
[EventType "team-tourn"]
[EventCountry "POL"]
[SourceTitle "playchess.com"]
[Source "ChessBase"]
[SourceQuality "1"]
[TimeControl "40/5400+30:1800+30"]

1. e4 {[%emt 0:00:00]} c5 {[%emt 0:00:00]} 2. Nf3 {[%emt 0:00:00]} e6 {[%emt 0:00:00]} 3. d4 {[%emt 0:00:00]} cxd4 {[%emt 0:00:00]} 4. Nxd4 {[%emt 0:00:00]} Nf6 {[%emt 0:00:00]} 5. Nc3 {[%emt 0:00:07]} d6 {[%emt 0:00:06]} 6. Be2 {[%emt 0:00:57]} a6 {[%emt 0:00:09]} 7. O-O {[%emt 0:00:22]} Be7 {[%emt 0:00:59]} 8. f4 {[%emt 0:01:39]} Qc7 {[%emt 0:00:52]} 9. Be3 {[%emt 0:03:43]} b5 {[%emt 0:00:46]} 10. a3 {[%emt 0:02:10]} Bb7 {[%emt 0:00:10]} 11. Bf3 {[%emt 0:04:39]} Nbd7 {[%emt 0:04:55]} 12. Qe1 {[%emt 0:03:30]} Rc8 {[%emt 0:00:40]} 13. Qg3 {[%emt 0:04:29]} h5 {[%emt 0:00:02]} 14. Rae1 {[%emt 0:13:02]} Ng4 {[%emt 0:05:18]} 15. Bxg4 {[%emt 0:08:39]} hxg4 {[%emt 0:00:03]} 16. Qxg4 {[%emt 0:02:00]} Nf6 {[%emt 0:00:10]} 17. Qf3 {[%emt 0:01:54]} Qb8 {[%emt 0:00:05]} 18. Bf2 {[%emt 0:02:31]} Qa8 {[%emt 0:00:05]} 19. Re2 {[%emt 0:08:41]} Rc5 {[%emt 0:06:42]} 20. Rfe1 {[%emt 0:05:54]} Rch5 {[%emt 0:00:06]} 21. h3 {[%emt 0:03:13]} g5 {[%emt 0:00:23]} 22. fxg5 {[%emt 0:01:54]} Rxg5 {[%emt 0:00:28]} 23. Rf1 {[%emt 0:06:49]} Rh7 {[%emt 0:03:44]} 24. Qe3 {[%emt 0:04:22]} Rg8 {[%emt 0:06:18]} 25. Be1 {[%emt 0:03:47]} Nd7 {[%emt 0:02:36]} 26. Bg3 {[%emt 0:01:40]} Qc8 {[%emt 0:02:26]} 27. Nb3 {[%emt 0:01:18]} Rhg7 {[%emt 0:01:50]} 28. Bh2 {[%emt 0:01:35]} Ba8 {[%emt 0:00:31]} 29. Kh1 {[%emt 0:02:37]} f5 {[%emt 0:02:14]} 30. Qh6 {[%emt 0:03:23]} Rg6 {[%emt 0:01:29]} 31. Qf4 {[%emt 0:02:17]} Nf6 {[%emt 0:00:30]} 32. Rff2 {[%emt 0:01:24]} fxe4 {[%emt 0:00:15]} 33. Qe3 {[%emt 0:02:44]} e5 {[%emt 0:00:06]} 34. Nd2 {[%emt 0:01:57]} Nd5 {[%emt 0:04:47]} 35. Nxd5 {[%emt 0:00:33]} Bxd5 {[%emt 0:00:02]} 36. Nxe4 {[%emt 0:01:04]} Qc6 {[%emt 0:00:02]} 37. g4 {[%emt 0:02:54]} Bc4 {[%emt 0:04:26]} 38. Re1 {[%emt 0:00:32]} d5 {[%emt 0:00:38]} 39. b3 {[%emt 0:00:26]} d4 {[%emt 0:00:06]} 40. Qg3 {[%emt 0:00:00]} Bd5 {[%emt 0:00:00]} 41. Rfe2 {[%emt 0:04:52]} Re6 {[%emt 0:02:06]} 42. Kg1 {[%emt 0:03:15]} Kd7 {[%emt 0:04:56]} 43. Qd3 {[%emt 0:01:32]} Bxa3 {[%emt 0:00:29]} 44. Nd2 {[%emt 0:08:36]} Qc3 {[%emt 0:06:07]} 45. Qh7+ {[%emt 0:03:57]} Re7 {[%emt 0:00:17]} 46. Qf5+ {[%emt 0:00:10]} Be6 {[%emt 0:03:38]} 47. Qxe5 {[%emt 0:03:44]} Qxh3 {[%emt 0:04:20]} 48. Qc7+ {[%emt 0:01:50]} Ke8 {[%emt 0:00:01]} 49. Qc6+ {[%emt 0:02:07]} Kf8 {[%emt 0:04:38]} 50. Rf1+ {[%emt 0:01:02]} Bf7 {[%emt 0:01:42]} 51. Rg2 {[%emt 0:03:26]} Qe3+ {[%emt 0:03:30]} 52. Kh1 {[%emt 0:00:27]} Qe6 {[%emt 0:00:19]} 53. Qf3 {[%emt 0:00:59]} Rg6 {[%emt 0:00:19]} 54. Qf4 {[%emt 0:00:34]} Qd5 {[%emt 0:00:27]} 55. Nf3 {[%emt 0:00:26]} Kg8 {[%emt 0:04:02]} 56. Nh4 {[%emt 0:01:08]} Re2 {[%emt 0:03:57]} 57. Qb8+ {[%emt 0:01:00]} Bf8 {[%emt 0:00:58]} 58. Qg3 {[%emt 0:00:27]} Rxg2 {[%emt 0:00:35]} 59. Qxg2 {[%emt 0:00:32]} Rxg4 {[%emt 0:00:28]} 60. Qxd5 {[%emt 0:00:29]} Bxd5+ {[%emt 0:00:02]} 61. Nf3 {[%emt 0:00:02]} a5 {[%emt 0:00:51]} 62. Be5 {[%emt 0:00:23]} d3 {[%emt 0:01:26]} 63. cxd3 {[%emt 0:00:21]} Bxb3 {[%emt 0:00:02]} 64. Kh2 {[%emt 0:01:14]} Bd5 {[%emt 0:00:11]} 65. Rf2 {[%emt 0:00:34]} a4 {[%emt 0:00:06]} 66. d4 {[%emt 0:00:33]} a3 {[%emt 0:00:13]} 67. Nd2 {[%emt 0:00:23]} a2 {[%emt 0:00:07]} 68. Rf1 {[%emt 0:00:28]} Rg2+ {[%emt 0:00:05]} 0-1

[Event "POL-chT 2 Liga 2019"]
[Site "Poronin"]
[Date "2019.09.07"]
[Round "1.42"]
[White "Starosta, Martyna"]
[Black "Lapa, Aleksandra"]
[Result "1-0"]
[WhiteElo "1814"]
[BlackElo "1646"]
[Annotator "NA"]
[PlyCount "89"]
[EventDate "2019.09.07"]
[EventType "team-tourn"]
[EventCountry "POL"]
[SourceTitle "playchess.com"]
[Source "ChessBase"]
[SourceQuality "1"]
[TimeControl "40/5400+30:1800+30"]

1. e4 {[%emt 0:00:00]} c5 {[%emt 0:00:00]} 2. Nf3 {[%emt 0:00:00]} Nc6 {[%emt 0:00:00]} 3. d4 {[%emt 0:00:00]} cxd4 {[%emt 0:00:00]} 4. Nxd4 {[%emt 0:00:00]} Nf6 {[%emt 0:00:00]} 5. Nc3 {[%emt 0:00:00]} e5 {[%emt 0:00:00]} 6. Ndb5 {[%emt 0:00:04]} d6 {[%emt 0:00:08]} 7. Nd5 {[%emt 0:00:12]} Nxd5 {[%emt 0:00:25]} 8. exd5 {[%emt 0:00:13]} Nb8 {[%emt 0:00:07]} 9. a4 {[%emt 0:00:16]} Be7 {[%emt 0:01:02]} 10. Be2 {[%emt 0:00:15]} O-O {[%emt 0:00:37]} 11. O-O {[%emt 0:00:11]} f5 {[%emt 0:02:08]} 12. f4 {[%emt 0:00:56]} e4 {[%emt 0:02:41]} 13. Be3 {[%emt 0:02:15]} a6 {[%emt 0:01:36]} 14. Na3 {[%emt 0:00:28]} Bf6 {[%emt 0:03:53]} 15. Nc4 {[%emt 0:01:14]} Nd7 {[%emt 0:06:51]} 16. a5 {[%emt 0:07:35]} Qe7 {[%emt 0:07:50]} 17. Qd2 {[%emt 0:07:38]} h6 {[%emt 0:01:52]} 18. Qb4 {[%emt 0:04:37]} Qf7 {[%emt 0:29:24]} 19. Nxd6 {[%emt 0:13:52]} Be7 {[%emt 0:02:58]} 20. Nxf7 {[%emt 0:01:08]} Bxb4 {[%emt 0:00:56]} 21. Ne5 {[%emt 0:00:18]} Bd6 {[%emt 0:09:37]} 22. Nc4 {[%emt 0:05:10]} Bc5 {[%emt 0:04:09]} 23. Kf2 {[%emt 0:01:35]} Bxe3+ {[%emt 0:04:05]} 24. Kxe3 {[%emt 0:00:09]} b5 {[%emt 0:01:27]} 25. axb6 {[%emt 0:05:35]} Rb8 {[%emt 0:00:30]} 26. Ra5 {[%emt 0:02:18]} Rf6 {[%emt 0:01:40]} 27. Kd4 {[%emt 0:01:55]} Nxb6 {[%emt 0:01:58]} 28. Ne5 {[%emt 0:05:10]} Nd7 {[%emt 0:08:23]} 29. Nc6 {[%emt 0:03:41]} Ra8 {[%emt 0:03:04]} 30. Rfa1 {[%emt 0:01:37]} Bb7 {[%emt 0:01:34]} 31. Bxa6 {[%emt 0:01:59]} Bxc6 {[%emt 0:03:11]} 32. dxc6 {[%emt 0:03:03]} Rxc6 {[%emt 0:01:38]} 33. Bc4+ {[%emt 0:00:15]} Rxc4+ {[%emt 0:00:18]} 34. Kxc4 {[%emt 0:00:06]} Rc8+ {[%emt 0:00:39]} 35. Kb3 {[%emt 0:03:34]} Rb8+ {[%emt 0:00:36]} 36. Kc3 {[%emt 0:00:08]} Rc8+ {[%emt 0:01:22]} 37. Kd2 {[%emt 0:01:02]} Nb6 {[%emt 0:01:04]} 38. b3 {[%emt 0:00:34]} Rd8+ {[%emt 0:00:24]} 39. Ke2 {[%emt 0:00:21]} Kh7 {[%emt 0:00:33]} 40. Rxf5 {[%emt 0:00:00]} Nd5 {[%emt 0:00:00]} 41. Ra7 {[%emt 0:01:32]} Rd6 {[%emt 0:11:46]} 42. Rxd5 {[%emt 0:01:37]} Rxd5 {[%emt 0:00:18]} 43. Ra4 {[%emt 0:00:07]} Rc5 {[%emt 0:07:20]} 44. Rc4 {[%emt 0:00:11]} Ra5 {[%emt 0:00:23]} 45. Rxe4 {[%emt 0:00:07]} 1-0

[Event "POL-chT 2 Liga 2019"]
[Site "Poronin"]
[Date "2019.09.07"]
[Round "1.43"]
[White "Pniaczek, Marek"]
[Black "Helis, Tadeusz"]
[Result "1/2-1/2"]
[WhiteElo "2226"]
[BlackElo "2166"]
[Annotator "ChessBase"]
[PlyCount "178"]
[EventDate "2019.09.07"]
[EventType "team-tourn"]
[EventCountry "POL"]
[SourceTitle "playchess.com"]
[Source "ChessBase"]
[SourceQuality "1"]
[TimeControl "40/5400+30:1800+30"]

1. e4 {[%emt 0:00:00]} c5 {[%emt 0:00:00]} 2. Nf3 {[%emt 0:00:00]} e6 {[%emt 0:00:02]} 3. d4 {[%emt 0:00:00]} cxd4 {[%emt 0:00:11]} 4. Nxd4 {[%emt 0:00:00]} a6 {[%emt 0:00:07]} 5. g3 {[%emt 0:00:00]} Nc6 {[%emt 0:00:09]} 6. Bg2 {[%emt 0:00:00]} Qc7 {[%emt 0:00:34]} 7. O-O {[%emt 0:00:47]} Nf6 {[%emt 0:00:04]} 8. c4 {[%emt 0:00:26]} Nxd4 {[%emt 0:05:12]} 9. Qxd4 {[%emt 0:00:47]} Bc5 {[%emt 0:00:04]} 10. Qd3 {[%emt 0:01:00]} d6 {[%emt 0:00:04]} 11. Nc3 {[%emt 0:01:52]} Ng4 {[%emt 0:04:33]} 12. b3 {[%emt 0:01:53]} Bd7 {[%emt 0:04:46]} 13. Bb2 {[%emt 0:01:43]} O-O {[%emt 0:06:11]} 14. Rad1 {[%emt 0:07:05]} b5 {[%emt 0:10:50]} 15. Qe2 {[%emt 0:38:15]} Ne5 {[%emt 0:00:56]} 16. cxb5 {[%emt 0:02:00]} axb5 {[%emt 0:02:48]} 17. Kh1 {[%emt 0:06:22]} b4 {[%emt 0:00:44]} 18. Na4 {[%emt 0:00:29]} Bxa4 {[%emt 0:00:27]} 19. bxa4 {[%emt 0:00:05]} Rxa4 {[%emt 0:00:37]} 20. f4 {[%emt 0:00:56]} Nd7 {[%emt 0:02:08]} 21. Ba1 {[%emt 0:06:49]} e5 {[%emt 0:01:15]} 22. Bh3 {[%emt 0:02:20]} Nb6 {[%emt 0:02:49]} 23. fxe5 {[%emt 0:02:13]} dxe5 {[%emt 0:00:09]} 24. Rc1 {[%emt 0:03:00]} Ra5 {[%emt 0:02:15]} 25. Qh5 {[%emt 0:06:39]} Re8 {[%emt 0:02:20]} 26. Rf5 {[%emt 0:03:23]} g6 {[%emt 0:06:24]} 27. Qg5 {[%emt 0:03:20]} Nd7 {[%emt 0:09:53]} 28. Rff1 {[%emt 0:03:58]} Nf8 {[%emt 0:00:30]} 29. Qf6 {[%emt 0:01:14]} Qe7 {[%emt 0:00:36]} 30. Qc6 {[%emt 0:02:30]} Bd4 {[%emt 0:00:41]} 31. Qc4 {[%emt 0:02:53]} Bxa1 {[%emt 0:00:15]} 32. Rxa1 {[%emt 0:00:03]} Rea8 {[%emt 0:00:16]} 33. Rf2 {[%emt 0:02:16]} R8a7 {[%emt 0:00:51]} 34. Raf1 {[%emt 0:00:20]} Qc5 {[%emt 0:02:04]} 35. Qb3 {[%emt 0:00:37]} Ra3 {[%emt 0:00:13]} 36. Qb1 {[%emt 0:00:49]} Qc4 {[%emt 0:01:03]} 37. Rc1 {[%emt 0:01:02]} Rc3 {[%emt 0:01:48]} 38. Rcf1 {[%emt 0:00:19]} Rc7 {[%emt 0:01:18]} 39. Bg2 {[%emt 0:01:28]} Ne6 {[%emt 0:00:23]} 40. Qd1 {[%emt 0:00:00]} Nd4 {[%emt 0:00:00]} 41. Qa4 {[%emt 0:02:36]} Kg7 {[%emt 0:01:04]} 42. Qe8 {[%emt 0:01:08]} Qe6 {[%emt 0:00:34]} 43. Qb8 {[%emt 0:01:23]} Rc2 {[%emt 0:02:24]} 44. Qxb4 {[%emt 0:06:10]} Qxa2 {[%emt 0:01:32]} 45. Rxc2 {[%emt 0:01:35]} Rxc2 {[%emt 0:00:27]} 46. Qe7 {[%emt 0:00:41]} Qe6 {[%emt 0:01:34]} 47. Qg5 {[%emt 0:00:21]} h6 {[%emt 0:00:26]} 48. Qd8 {[%emt 0:00:20]} Rc8 {[%emt 0:01:52]} 49. Qa5 {[%emt 0:00:17]} h5 {[%emt 0:00:19]} 50. Qd2 {[%emt 0:04:04]} h4 {[%emt 0:00:41]} 51. gxh4 {[%emt 0:00:43]} Rh8 {[%emt 0:00:03]} 52. Qg5 {[%emt 0:01:40]} Rh5 {[%emt 0:00:05]} 53. Qd8 {[%emt 0:08:08]} Nc6 {[%emt 0:00:53]} 54. Qd5 {[%emt 0:00:50]} Nd4 {[%emt 0:01:02]} 55. Qd8 {[%emt 0:00:06]} Rh8 {[%emt 0:00:17]} 56. Qg5 {[%emt 0:00:54]} Ne2 {[%emt 0:00:54]} 57. Bf3 {[%emt 0:00:59]} Nf4 {[%emt 0:00:04]} 58. Bg4 {[%emt 0:00:35]} Qf6 {[%emt 0:00:35]} 59. Qxf6+ {[%emt 0:01:08]} Kxf6 {[%emt 0:00:03]} 60. h5 {[%emt 0:00:14]} gxh5 {[%emt 0:00:16]} 61. Bf5 {[%emt 0:00:22]} Rb8 {[%emt 0:01:59]} 62. Kg1 {[%emt 0:01:36]} Rb2 {[%emt 0:00:27]} 63. Rf2 {[%emt 0:00:08]} Rxf2 {[%emt 0:00:15]} 64. Kxf2 {[%emt 0:00:04]} Kg5 {[%emt 0:00:06]} 65. Bc8 {[%emt 0:01:10]} Ng6 {[%emt 0:00:23]} 66. Kg3 {[%emt 0:00:32]} h4+ {[%emt 0:00:03]} 67. Kf3 {[%emt 0:00:17]} Nf4 68. Bf5 {[%emt 0:00:10]} Nd3 {[%emt 0:02:26]} 69. Ke3 {[%emt 0:00:36]} Nb4 {[%emt 0:00:06]} 70. Bd7 {[%emt 0:00:27]} Nc2+ {[%emt 0:00:12]} 71. Kf3 {[%emt 0:00:14]} Nd4+ {[%emt 0:00:04]} 72. Ke3 {[%emt 0:00:07]} Kf6 {[%emt 0:00:55]} 73. Bg4 {[%emt 0:00:34]} Ne6 {[%emt 0:00:21]} 74. Kf3 {[%emt 0:02:39]} Ng5+ {[%emt 0:00:13]} 75. Ke3 {[%emt 0:00:05]} Ke7 {[%emt 0:00:08]} 76. Bh5 {[%emt 0:01:25]} Kd6 {[%emt 0:00:11]} 77. Bg4 {[%emt 0:00:11]} Kc5 {[%emt 0:00:12]} 78. Kd3 {[%emt 0:00:34]} Kb4 {[%emt 0:00:02]} 79. Bh5 {[%emt 0:00:16]} Kb3 {[%emt 0:00:17]} 80. Bd1+ {[%emt 0:00:24]} Kb4 {[%emt 0:01:23]} 81. Bh5 {[%emt 0:00:09]} f6 {[%emt 0:00:20]} 82. Bg4 {[%emt 0:00:26]} Kc5 {[%emt 0:00:18]} 83. Bh5 {[%emt 0:00:30]} Ne6 {[%emt 0:04:04]} 84. Ke3 {[%emt 0:00:19]} Nd4 {[%emt 0:01:02]} 85. Bg6 {[%emt 0:01:02]} Kb4 {[%emt 0:00:10]} 86. Bh7 {[%emt 0:01:00]} Kc3 {[%emt 0:00:11]} 87. Bg6 {[%emt 0:00:08]} Kc2 {[%emt 0:01:04]} 88. Bh5 {[%emt 0:00:06]} Kc1 {[%emt 0:00:37]} 89. Bg4 {[%emt 0:00:48]} Kc2 {[%emt 0:00:54]} 1/2-1/2